MARC details
| 000 -LEADER |
| campo de control de longitud fija |
01329nac a2200277 a 4500 |
| 003 - IDENTIFICADOR DE NÚMERO DE CONTROL |
| campo de control |
CO-PeBPM |
| 005 - FECHA Y HORA DE LA ÚLTIMA TRANSACCIÓN |
| campo de control |
20260404215610.0 |
| 007 - CAMPO FIJO DE DESCRIPCIÓN FÍSICA--INFORMACIÓN GENERAL |
| campo de control de longitud fija |
ta |
| 008 - DATOS DE LONGITUD FIJA--INFORMACIÓN GENERAL |
| campo de control de longitud fija |
260404s2013 ck a|||| |||| 00| 0 spa d |
| 020 ## - NÚMERO INTERNACIONAL ESTÁNDAR DEL LIBRO |
| Número Internacional Estándar del Libro |
9786071613868 |
| 040 ## - FUENTE DE CATALOGACIÓN |
| Centro catalogador/agencia de origen |
CO-PeBPM |
| Lengua de catalogación |
spa |
| Centro/agencia transcriptor |
CO-PeBPM |
| Normas de descripción |
rda |
| 041 ## - CÓDIGO DE IDIOMA |
| Código de lengua del texto/banda sonora o título independiente |
spa |
| 082 04 - NÚMERO DE LA CLASIFICACIÓN DECIMAL DEWEY |
| Número de clasificación |
(i) 833 M578m |
| Número de edición |
22 |
| 245 10 - MENCIÓN DEL TÍTULO |
| Título |
Martín y la llegada de la primavera |
| Mención de responsabilidad, etc. |
/ Sebastian Meschenmoser ; traducción Udo Araiza |
| 264 ## - PRODUCCIÓN, PUBLICACIÓN, DISTRIBUCIÓN, FABRICACIÓN Y COPYRIGHT |
| Producción, publicación, distribución, fabricación y copyright |
México |
| Nombre del de productor, editor, distribuidor, fabricante |
: Fondo de Cultura Económica |
| Fecha de producción, publicación, distribución, fabricación o copyright |
, 2013 |
| 300 ## - DESCRIPCIÓN FÍSICA |
| Extensión |
[64] páginas |
| Otras características físicas |
ilustraciones a color |
| Dimensiones |
21 centimetros |
| 336 ## - TIPO DE CONTENIDO |
| Fuente |
rdacontent |
| Término de tipo de contenido |
texto |
| Código de tipo de contenido |
txt |
| 337 ## - TIPO DE MEDIO |
| Fuente |
rdamedia |
| Nombre/término del tipo de medio |
sin mediación |
| Código del tipo de medio |
n |
| 338 ## - TIPO DE SOPORTE |
| Fuente |
rdacarrier |
| Nombre/término del tipo de soporte |
volumen |
| Código del tipo de soporte |
nc |
| 490 ## - MENCIÓN DE SERIE |
| Mención de serie |
Colección Los Especiales de A la Orilla del Viento |
| 520 ## - RESUMEN, ETC. |
| Sumario, etc. |
Un buen día, al despertar, Martín notó que a su alrededor todo había cambia-do. El mundo estaba lleno de color, de nuevos aromas, de un nuevo ritmo. "¿Qué estará pasando?", se preguntó.-¡Llegó la primavera! -exclamó Bruno-. Es tiempo de tirarse al sol, de correr por el bosque, de comer y comer…Pero había alguien en el bosque que no se sentía así…tomado de la página https://bit.ly/2Q7sWpn |
| 650 17 - PUNTO DE ACCESO ADICIONAL DE MATERIA--TÉRMINO DE MATERIA |
| Término de materia o nombre geográfico como elemento de entrada |
Literatura infantil alemana |
| Fuente del encabezamiento o término |
LEMB |
| 650 17 - PUNTO DE ACCESO ADICIONAL DE MATERIA--TÉRMINO DE MATERIA |
| Término de materia o nombre geográfico como elemento de entrada |
Cuentos infantiles alemanes |
| Fuente del encabezamiento o término |
LEMB |
| 700 1# - ENTRADA AGREGADA--NOMBRE PERSONAL |
| Nombre de persona |
Araiza, Udo |
| Término indicativo de función/relación |
traducción |
| 942 ## - ELEMENTOS DE ENTRADA SECUNDARIOS (KOHA) |
| Fuente del sistema de clasificación o colocación |
Clasificación Decimal Dewey |
| Suprimir en OPAC |
No |
| Tipo de ítem Koha |
Literatura infantil |